<?xml version="1.0" encoding="UTF-8"?><?xml-stylesheet type="text/xsl" href="static/style.xsl"?><OAI-PMH xmlns="http://www.openarchives.org/OAI/2.0/" xmlns:xsi="http://www.w3.org/2001/XMLSchema-instance" xsi:schemaLocation="http://www.openarchives.org/OAI/2.0/ http://www.openarchives.org/OAI/2.0/OAI-PMH.xsd"><responseDate>2026-06-30T01:24:54Z</responseDate><request verb="GetRecord" identifier="oai:docta.ucm.es:20.500.14352/116764" metadataPrefix="marc">https://docta.ucm.es/rest/oai/request</request><GetRecord><record><header><identifier>oai:docta.ucm.es:20.500.14352/116764</identifier><datestamp>2025-03-18T14:31:09Z</datestamp><setSpec>com_20.500.14352_14</setSpec><setSpec>col_20.500.14352_21</setSpec></header><metadata><record xmlns="http://www.loc.gov/MARC21/slim" xmlns:dcterms="http://purl.org/dc/terms/" xmlns:xsi="http://www.w3.org/2001/XMLSchema-instance" xmlns:doc="http://www.lyncode.com/xoai" xsi:schemaLocation="http://www.loc.gov/MARC21/slim http://www.loc.gov/standards/marcxml/schema/MARC21slim.xsd">
   <leader>00925njm 22002777a 4500</leader>
   <datafield ind2=" " ind1=" " tag="042">
      <subfield code="a">dc</subfield>
   </datafield>
   <datafield ind2=" " ind1=" " tag="720">
      <subfield code="a">Andújar Molina, Olvido</subfield>
      <subfield code="e">author</subfield>
   </datafield>
   <datafield ind2=" " ind1=" " tag="260">
      <subfield code="c">2023</subfield>
   </datafield>
   <datafield ind2=" " ind1=" " tag="520">
      <subfield code="a">En este capítulo se revisa la historia del personaje de la ratita presumida y su papel en diferentes textos, desde las primeras versiones a los últimos reciclajes, como los propuestos por Gloria Fuertes, Ángela Vallvey, Belén Gaudes y Pablo Macías o Ana Cristina Herreros, si bien este último, más que un reciclaje, es una recuperación de la verdadera ratita. 
Así, se analizarán los roles que ha asumido este personaje y las funciones que cumple en la narrativa contemporánea. De esta forma, veremos qué tratamiento hicieron de ella nombres clásicos de la literatura tradicional, como Joseph Jacobs, Cecilia Böhl de Faber (Fernán Caballero), Carmen Lyra o Elena Fortún. Pero también cómo en sus orígenes no se trataba de un cuento “machista”, más bien todo lo contrario.</subfield>
   </datafield>
   <datafield ind1="8" ind2=" " tag="024">
      <subfield code="a">Andújar Molina, O. (2023). Las ratitas que no eran presumidas: reciclaje y feminismo en el cuento tradicional. En P. García Carcedo, A. Dotras Bravo, &amp; G. Fernández San Emeterio (eds.), Érase otra vez: paradigmas de reciclaje en la literatura infantil y juvenil (pp. 59-69). Síntesis.</subfield>
   </datafield>
   <datafield ind1="8" ind2=" " tag="024">
      <subfield code="a">978-84-135-7236-9</subfield>
   </datafield>
   <datafield ind1="8" ind2=" " tag="024">
      <subfield code="a">978-84-135-7846-0</subfield>
   </datafield>
   <datafield ind1="8" ind2=" " tag="024">
      <subfield code="a">https://hdl.handle.net/20.500.14352/116764</subfield>
   </datafield>
   <datafield ind1="8" ind2=" " tag="024">
      <subfield code="a">https://www.sintesis.com/libro/erase-otra-vez-paradigmas-de-reciclaje-en-la-literatura-infantil-y-juvenil</subfield>
   </datafield>
   <datafield ind1="8" ind2=" " tag="024">
      <subfield code="a">https://produccioncientifica.ucm.es/documentos/65cfb5ee0a0d230b487b4287</subfield>
   </datafield>
   <datafield ind1="8" ind2=" " tag="024">
      <subfield code="a">https://dialnet.unirioja.es/servlet/articulo?codigo=9308711</subfield>
   </datafield>
   <datafield ind1="8" ind2=" " tag="024">
      <subfield code="a">https://dialnet.unirioja.es/servlet/libro?codigo=963881</subfield>
   </datafield>
   <datafield ind2="0" ind1="0" tag="245">
      <subfield code="a">Las ratitas que no eran presumidas: reciclaje y feminismo en el cuento tradicional</subfield>
   </datafield>
</record></metadata></record></GetRecord></OAI-PMH>